La fiscalía bajo ataque (Registro nro. 21299)

Detalles MARC
000 -CABECERA
Longitud fija campo de control 00830cam a22002174a 4500
003 - IDENTIFICADOR DELl NÚMERO DE CONTROL
Identificador del número de control OSt
005 - FECHA Y HORA DE LA ÚLTIMA TRANSACCIÓN
Fecha y hora de la última transacción 20191205145403.0
008 - CÓDIGOS DE INFORMACIÓN DE LONGITUD FIJA
Códigos de información de longitud fija 080204s2007 slv spa
040 ## - FUENTE DE LA CATALOGACIÓN
Centro catalogador de origen CRU
Centro transcriptor BMC
Centro modificado IXA
-- DLC
082 ## - NÚMERO DE LA CLASIFICACIÓN DECIMAL DEWEY
Númeroo de clasificación 972.84053
082 ## - NÚMERO DE LA CLASIFICACIÓN DECIMAL DEWEY
Númeroo de clasificación 320.7284053
100 1# - PUNTO DE ACCESO PRINCIPAL-NOMBRE DE PERSONA
Nombre de persona Colorado, Mauricio Eduardo
9 (RLIN) 34878
245 13 - MENCIÓN DE TÍTULO
Título La fiscalía bajo ataque
Resto del título : los trece meses posteriores al asesinato del Fiscal General Dr. Roberto García Alvarado el 19 de abril de 1989
Mención de responsabilidad, etc. por Mauricio Eduardo Colorado
250 ## - MENCIÓN DE EDICIÓN
Mención de edición 1ª ed
260 ## - PUBLICACIÓN, DISTRIBUCIÓN, ETC. (PIE DE IMPRENTA)
Lugar de publicación, distribución, etc. Santa Tecla, La Libertad
Nombre del editor, distribuidor, etc. Imprenta Laser Print
Fecha de publicación, distribución, etc. 2007
300 ## - DESCRIPCIÓN FÍSICA
Extensión X, 159 p.
Otras características físicas il.
Dimensiones 21 cm
651 24 - PUNTO DE ACCESO ADICIONAL DE MATERIA - NOMBRE GEOGRÁFICO
Nombre geográfico El Salvador
Subdivisión de materia general Política y gobierno
Subdivisión cronológica 1979-1992
9 (RLIN) 9340
600 14 - PUNTO DE ACCESO ADICIONAL DE MATERIA - NOMBRE DE PERSONA
9 (RLIN) 34877
Nombre de persona García Alvarado, Roberto
Fechas asociadas al nombre 1933-1989
651 24 - PUNTO DE ACCESO ADICIONAL DE MATERIA - NOMBRE GEOGRÁFICO
9 (RLIN) 9155
Nombre geográfico El Salvador
Subdivisión de materia general Historia
Subdivisión cronológica 1980-1992 (Guerra civil)
942 ## - ENTRADA DE ELEMENTOS AGREGADOS (KOHA)
Fuente de clasificaión o esquema Dewey Decimal Classification
Koha [por defecto] tipo de item 1- Monografias
Existencias
Suprimido Perdido Fuente de clasificación o esquema Estropeado Restricciones de uso No para préstamo Código de colección Localización permanente Localización actual Localización en estanter&íacute;as Fecha adquisición Fuente de adquisición Número de inventario Préstamos totales Signatura completa Código de barras Fecha última consulta Coste, precio reemplazado Fecha del precio de reemplazo Tipo de item de Koha
NULL NULL Dewey Decimal Classification NULL Prestable NULL NULL Biblioteca Miguel de Cervantes - UNICAES Biblioteca Miguel de Cervantes - UNICAES Sala Principal 12/06/2015 Donación - Romeo Tovar Astorga 029918   972.84 COL fis 1031827 12/06/2015 12.00 12/06/2015 1- Monografias